Umpama kendi bermulut tempayan : Tidak boleh simpan rahsia, suka mengumpat orang

Bibliographic Details
Main Author: Ws.Uzala
Format: Book
Published: Selangor : Eddiplex Sdn Bhd , 2004
Series:Siri terbaru kata peribahasa
Subjects:

MARC

LEADER 00000cam a2200000 7i4500
001 0000006816
005 20151222.0
008 070821
020 |a 9838805890 
020 |a 9838805904(set) 
090 0 0 |a JF   |b NS MAL (6449) 
100 0 |a Ws.Uzala 
245 1 0 |a Umpama kendi bermulut tempayan :   |b Tidak boleh simpan rahsia, suka mengumpat orang   |c Oleh Ws.Uzala 
260 |a Selangor :   |b Eddiplex Sdn Bhd ,   |c 2004 
440 |a Siri terbaru kata peribahasa 
500 |a Children ages 7-9 years old (orange) 
650 0 |a Rhymes   |x Juvenile literature 
999 |a 0000911333   |b Book   |c Teenagers   |e Cawangan Bandar Tenggara 
999 |a 0000987193   |b Book   |c Children Collection   |e Perbadanan Perpustakaan Awam Johor 
999 |a 0000987194   |b Book   |c Children Collection   |e Perbadanan Perpustakaan Awam Johor 
999 |a 0000987196   |b Book   |c Children Collection   |e Perbadanan Perpustakaan Awam Johor 
999 |a 0001052685   |b Book   |c Children Collection   |e Cawangan Tmn. Ungku Tun Aminah 
999 |a 0001052686   |b Book   |c Children Collection   |e Cawangan Kota Tinggi 
999 |a 000911333   |b Book   |c Children Collection   |e Cawangan Bandar Tenggara